Culture Générale - Série 839 - Statistiques

Statistiques générales
  • Ce quiz a été pris 112 fois
  • Le résultat moyen est 8 sur 10
Statistiques - réponses
Question Réponse % Correct
Quel État du continent américain tire son nom de celui du général Simon Bolivar ? Bolivie
99%
Sous quel autre nom connaît-on mieux le chlorure de sodium ? sel
98%
Quelle articulation est le plus fréquemment sujette à un traumatisme du ménisque ? genou
92%
Quel nom de voyageur vénitien du XIIIe siècle, désigne aussi un sport équestre et une chemise de sport en maille ? Polo
92%
Quel nom spécifique donne-t-on à une plantation de palmiers ? palmeraie
89%
Quel nom désigne à la fois : l'enveloppe calcaire d'un mollusque, une faute typographique et une ceinture de protection du bas-ventre ? coquille
81%
Dans quel pays d'Amérique centrale se trouve la ville de Toluca ? Mexique
70%
Quel philosophe a défini la religion comme "l'opium du peuple” ? Karl Marx
61%
Dans quel pays se trouvent les villes de Brasov, Iasi et Sibiu ? Roumanie
49%
Phase périodique active du cycle cardiaque consistant en une contraction du cœur qui entraîne l'éjection du sang dans les artères systole
23%
Aucun quiz correspondant
Distribution des résultats
% des personnes avec chaque résultat
Percentile par nombre de réponses
Votre historique - résultats
Vous n’avez pas pris ce quiz